000 01165nam a22001937a 4500
999 _c62855
_d62855
003 Ge_BSU
005 20250310170320.0
008 250310s1951 ge ||||| |||| 00| 0 geo d
041 _ageo
080 _a611(072) პ-13
245 _aპავლოვის მოძღვრების საფუძველზე ადამიანის ანატომიისა და ფიზიოლოგიის სწავლების შესახებ :
_b მეთოდური წერილი /
_cთარგ. შ. ჩუბინიძისა; რსფსრ განათლების სამინისტროს სკოლების სამმართველო.
264 _aთბ. :
_b საქ. სსრ პედ. მეცნ. ინ-ტის გამ-ბა,
_c1951.
300 _a40 გვ. ;
_b21 სმ.
653 _aპავლოვის მოძღვრება
653 _aადამიანის ანატომია
653 _aმედიცინა
700 _aჩუბინიძე, შ.
_eმთარგმნელი
_922578
942 _2udc
_cᲬᲘᲒᲜᲘ